000 00453nam a22001817a 4500
003 OSt
008 240215b2016 |||||||| |||| 00| 0 eng d
020 _a9789352606306
082 _a658.8
_bGRE-M
100 _aGrewal, Dhruv
245 _aMarketing /
_cDhruv Grewal and Michael Levy.
250 _a5th
260 _aChennai :
_bMcGraw-Hill,
_c2016.
300 _ali, 679 p. ;
650 _aMarketing
700 _aLevy, Michael
942 _2ddc
_cBK
_01
999 _c20341
_d20341